<?xml version="1.0" encoding="UTF-8"?>
<record
    xmlns:xsi="http://www.w3.org/2001/XMLSchema-instance"
    xsi:schemaLocation="http://www.loc.gov/MARC21/slim http://www.loc.gov/standards/marcxml/schema/MARC21slim.xsd"
    xmlns="http://www.loc.gov/MARC21/slim">

  <leader>01388cam2a220028901 4500</leader>
  <controlfield tag="001">lce00875157</controlfield>
  <controlfield tag="008">730615s1973    nyu      b    001 0 eng  </controlfield>
  <datafield tag="010" ind1=" " ind2=" ">
    <subfield code="a">   73075730 //r842</subfield>
  </datafield>
  <datafield tag="035" ind1=" " ind2=" ">
    <subfield code="a">(Sirsi) r15171</subfield>
  </datafield>
  <datafield tag="035" ind1=" " ind2=" ">
    <subfield code="a">(DLC)   73075730 //r842</subfield>
  </datafield>
  <datafield tag="035" ind1=" " ind2=" ">
    <subfield code="a">(UPRA)lce00875157</subfield>
  </datafield>
  <datafield tag="050" ind1="0" ind2=" ">
    <subfield code="a">TN1.A1</subfield>
    <subfield code="b">I55 no. 2</subfield>
    <subfield code="a">QD181.C9</subfield>
  </datafield>
  <datafield tag="082" ind1=" " ind2=" ">
    <subfield code="a">669.3/08 s</subfield>
    <subfield code="a">546/.652/569</subfield>
  </datafield>
  <datafield tag="100" ind1="1" ind2=" ">
    <subfield code="a">King, Edward G.</subfield>
    <subfield code="6">A71568.1</subfield>
  </datafield>
  <datafield tag="245" ind1="1" ind2="0">
    <subfield code="a">Thermodynamic properties of copper and its inorganic compounds,</subfield>
    <subfield code="c">by E. G. King, Alla D. Mah, and L. B. Pankratz.</subfield>
  </datafield>
  <datafield tag="260" ind1=" " ind2=" ">
    <subfield code="a">[New York,</subfield>
    <subfield code="b">International Copper Research Association,</subfield>
    <subfield code="c">1973]</subfield>
  </datafield>
  <datafield tag="440" ind1=" " ind2="0">
    <subfield code="a">INCRA series on the metallurgy of copper ;</subfield>
    <subfield code="v">2</subfield>
    <subfield code="6">S11368.1</subfield>
  </datafield>
  <datafield tag="500" ind1=" " ind2=" ">
    <subfield code="a">Sponsored by the International Copper Research Association and the U.S. Bureau of Mines.</subfield>
  </datafield>
  <datafield tag="504" ind1=" " ind2=" ">
    <subfield code="a">Bibliography: p. 217-253.</subfield>
  </datafield>
  <datafield tag="650" ind1=" " ind2="0">
    <subfield code="a">Copper -- Thermal properties -- Tables.</subfield>
    <subfield code="x">Copper -- Thermal properties -- Tables.</subfield>
    <subfield code="x">Copper -- Thermal properties -- Tables.</subfield>
    <subfield code="6">S53770.1</subfield>
  </datafield>
  <datafield tag="650" ind1=" " ind2="0">
    <subfield code="a">Copper compounds -- Thermal properties -- Tables.</subfield>
    <subfield code="x">Copper compounds -- Thermal properties -- Tables.</subfield>
    <subfield code="x">Copper compounds -- Thermal properties -- Tables.</subfield>
    <subfield code="6">S53771.1</subfield>
  </datafield>
  <datafield tag="650" ind1=" " ind2="0">
    <subfield code="a">Thermodynamics -- Tables.</subfield>
    <subfield code="x">Thermodynamics -- Tables.</subfield>
    <subfield code="6">S14639.1</subfield>
  </datafield>
  <datafield tag="700" ind1="1" ind2=" ">
    <subfield code="a">Mah, Alla D.</subfield>
    <subfield code="6">A71569.1</subfield>
  </datafield>
  <datafield tag="700" ind1="1" ind2=" ">
    <subfield code="a">Pankratz, L. B.</subfield>
    <subfield code="6">A71570.1</subfield>
  </datafield>
  <datafield tag="949" ind1=" " ind2=" ">
    <subfield code="a">TN1.A1</subfield>
    <subfield code="w">lcc</subfield>
    <subfield code="i">-9578</subfield>
    <subfield code="m">MAIN</subfield>
    <subfield code="t">BOOK</subfield>
    <subfield code="l">ON-SHELF</subfield>
  </datafield>
  <controlfield tag="004">15171</controlfield>
  <datafield tag="999" ind1=" " ind2=" ">
    <subfield code="c">152477</subfield>
    <subfield code="d">152477</subfield>
  </datafield>
</record>
